Rezidenčný Komplex Helsinky

Uložené v:
Podrobná bibliografia
Hlavný autor: Baluch, Martin (Autor)
Ďalší autori: Hermann, Juraj (Vedúci práce)
Médium: Rukopis Kniha
Jazyk:Slovak
Vydavateľské údaje: 2024
Predmet:
On-line prístup:http://is.stuba.sk/zp/portal_zp.pl?podrobnosti=177659
https://opac.crzp.sk/?fn=detailBiblioForm&sid=AA0D9432EF6DE826C3141C4F11D3
Tagy: Pridať tag
Žiadne tagy, Buďte prvý, kto otaguje tento záznam!

MARC

LEADER 00000ntm a22000003a 4500
001 stuzp100029
003 SK-STU
005 20240909101011.0
007 ta
008 150427s2015----xo-----f-mn---000-0-slo-d
040 |a STU  |b slo 
041 0 |a slo 
100 1 |a Baluch, Martin  |u 010310  |4 aut  |U SvF Stavebná fakulta  |T SvF Katedra architektúry  |X 97606  |U V181|V310  |Y 19  |7 97606 
242 0 1 |a Residential Multi Functional Center in Helsinky  |y eng 
245 1 0 |a Rezidenčný Komplex Helsinky 
260 |c 2024 
650 4 |a Viikki  |2 slo 
650 4 |a internát  |2 slo 
650 4 |a Helsinki  |2 slo 
650 4 |a bytový dom  |2 slo 
650 4 |a apartment building  |2 eng 
650 4 |a Viikki  |2 eng 
650 4 |a dormitory  |2 eng 
650 4 |a Helsinki  |2 eng 
700 1 |a Hermann, Juraj  |u 010310  |k Z8  |4 ths  |U SvF Stavebná fakulta  |T SvF Katedra architektúry  |X 95063  |U V181|V310  |Y 19  |7 95063 
856 4 |u http://is.stuba.sk/zp/portal_zp.pl?podrobnosti=177659 
856 4 |u https://opac.crzp.sk/?fn=detailBiblioForm&sid=AA0D9432EF6DE826C3141C4F11D3